|
|
|
|
| LEADER |
00000nam0a2200000 4500 |
| 001 |
330431 |
| 005 |
20231102004247.0 |
| 035 |
|
|
|a (RuTPU)RU\TPU\book\356205
|
| 090 |
|
|
|a 330431
|
| 100 |
|
|
|a 20170405d1968 m y0rusy50 ca
|
| 101 |
0 |
|
|a rus
|
| 102 |
|
|
|a RU
|
| 105 |
|
|
|a a j 001zy
|
| 200 |
1 |
|
|a Основы технологии получения рассеянных элементов
|e учебное пособие
|f М. Н. Зырянов, А. П. Надольский
|
| 210 |
|
|
|a Москва
|c Металлургия
|d 1968
|
| 215 |
|
|
|a 240 с.
|c ил.
|
| 320 |
|
|
|a Библиогр.: с. 230-237
|
| 606 |
1 |
|
|a Рассеянные элементы
|x Металлургия
|2 stltpush
|3 (RuTPU)RU\TPU\subj\23860
|9 48373
|
| 610 |
1 |
|
|a получение
|
| 610 |
1 |
|
|a технология
|
| 610 |
1 |
|
|a геохимия
|
| 610 |
1 |
|
|a сырьевые источники
|
| 610 |
1 |
|
|a производство
|
| 610 |
1 |
|
|a извлечение
|
| 610 |
1 |
|
|a руды
|
| 610 |
1 |
|
|a концентраты
|
| 610 |
1 |
|
|a медь
|
| 610 |
1 |
|
|a никель
|
| 610 |
1 |
|
|a свинец
|
| 610 |
1 |
|
|a цинк
|
| 610 |
1 |
|
|a алюминий
|
| 610 |
1 |
|
|a олово
|
| 610 |
1 |
|
|a молибден
|
| 610 |
1 |
|
|a сера
|
| 610 |
1 |
|
|a отходы
|
| 610 |
1 |
|
|a токсичность
|
| 610 |
1 |
|
|a учебные пособия
|
| 675 |
|
|
|a 669.87(075.8)
|v 4
|
| 700 |
|
1 |
|a Зырянов
|b М. Н.
|g Михаил Николаевич
|
| 701 |
|
1 |
|a Надольский
|b А. П.
|g Анатолий Павлович
|
| 801 |
|
1 |
|a RU
|b 63413507
|c 20170405
|
| 801 |
|
2 |
|a RU
|b 63413507
|c 20170405
|g RCR
|
| 942 |
|
|
|c BK
|